000 00983nam a2200277Ia 4500
001 28013216
003 OCoLC
005 20240317191446.0
008 930430s1992 ag a j 000 1 spa d
020 _a9501109062
020 _a9789501109061
040 _aCS1
_cCS1
_dJRK
041 1 _aspa
_heng
130 0 _aMy first look at-- opposites.
_lSpanish.
245 1 0 _aOpuestos.
260 _aBuenos Aires :
_bSigmar,
_cc1992.
300 _a1 v. (unpaged) :
_billustrations ;
_c20 cm.
490 0 _aPrimeras imagenes.
500 _aTranslation of: My first look at-- opposites.
500 _a"Un libro Dorling Kindersley"-- Title page verso.
520 _aPhotographs depict such opposites as big and little, up and down, full and empty, in and out, and open and closed.
650 0 _aSpanish language
_xSynonyms and antonyms
_vJuvenile fiction.
650 7 _aEspa©łol
_xSinonimos y antonimos
_xNovela juvenil.
_2bidex.
655 7 _aPicture books.
_2lcgft.
942 _cBK
_2ddc
999 _c29382
_d29380